PDCA - Demingov cyklus zlepšovania kvality
Téma metódy DMAIC, ktorá sa viaže s metódou metódu SIX-Sigma (tá vychádza z dokonalého porozumenia požiadaviek a očakávaní zákazníkov), či princípmi Kaizen systému. Vo všetkých týchto metodikách ide o zlepšovanie a zvyšovanie kvality, je to väzba na manažment kvality (TQM).
Gespeichert in:
| 1. Verfasser: | |
|---|---|
| Format: | Buchkapitel |
| Sprache: | Slowakisch |
| Schlagworte: | |
| Tags: |
Keine Tags, Fügen Sie das erste Tag hinzu!
|
MARC
| LEADER | 00000nla a2200000 4500 | ||
|---|---|---|---|
| 001 | 0220197 | ||
| 005 | 20240502073624.3 | ||
| 041 | 0 | |a slo | |
| 044 | |a SK | ||
| 245 | 1 | 0 | |a PDCA - Demingov cyklus zlepšovania kvality |c Eliška Záležáková |
| 520 | |a Téma metódy DMAIC, ktorá sa viaže s metódou metódu SIX-Sigma (tá vychádza z dokonalého porozumenia požiadaviek a očakávaní zákazníkov), či princípmi Kaizen systému. Vo všetkých týchto metodikách ide o zlepšovanie a zvyšovanie kvality, je to väzba na manažment kvality (TQM). | ||
| 610 | 2 | 0 | |a manažment |
| 610 | 2 | 0 | |a riadenie kvality |
| 610 | 2 | 0 | |a systémy kvality |
| 610 | 2 | 0 | |a kontrola kvality |
| 610 | 2 | 0 | |a kontroling procesný |
| 610 | 2 | 0 | |a metódy riadenia |
| 610 | 2 | 0 | |a kaizen |
| 610 | 2 | 0 | |a TQM |
| 100 | 1 | |a Záležáková, Eliška | |